01133nam a2200205 a 450000100100000000500170001000800410002702000150006804000250008310000430010824502530015126000360040430000330044050400300047350000550050359000610055850001280061995201630074799900170091000004579420250124114731.0150514s2000 dr c 000 0 spa d a9993410004 aDO-SdBNPbspacBNPHU1 aMoreno Ceballos, Nelson,d1946-93301810aNomenclatura en suicidología clínica. :bcon un glosario que contiene 290 conceptos y términos usados en suicidología y eutanasia, psicología del enfermo terminal, medicina forense y antropología de la muerte. /cNelson Moreno-Ceballos. aSanto Domingo :bBúho,c2000. a200 p. ; :bretrs. ;c22 cm. aBibliografía p: 189-200 aIncluye datos biografícos del autor en la solapa aPerteneció a la biblioteca personal de Erick Landestoy aSección de suicidología de la Asociación Psiquiátrica de América Latina, Instituto de Desarrollo y Salud Integral 0010718PDaPDbPDcHDd2015-05-14iLF1l0o p45794-10r2020-06-25w2020-06-25yLFPDzPerteneció a la biblioteca personal de Erick LandestoyZNo se presta c45283d45283